00605nam a2200193Ia 4500008004100000020001400041082001600055100002100071245002000092250000700112260004500119300002800164500001900192600002100211650005000232942000700282952010700289999001500396240925s9999 xx 000 0 und d a134919785 a005.133 ENT aEntsminger, Gary 4aThe Way of Java aNA aNew Jersey:bPrintice- Hall Int.c,1999. axiv,356p.bNAfOriginal aIncludes Index aComputer Science aComputer science, information & general works cBK 001040708CSaUITUbUITUd2000-04-04eNAl0o005.133 ENTpQ3368r2024-09-25 07:13:07w2024-09-25yBK c5867d5867